000 00345nam a2200145Ia 4500
003 OSt
005 20240307143304.0
008 170524s9999 xx 000 0 und d
020 _a978-0415899284
040 _cIIMT
100 _aSilver- L
245 4 _aThe Essentials of Marketing Research
260 _bRoutledge Publications
942 _2ddc
_c02
999 _c8656
_d8656